| 000 | 00743cam a2200217 a 4500 | ||
|---|---|---|---|
| 001 | 1405746 | ||
| 005 | 20260328094555.0 | ||
| 008 | 830513s1983 nyua b 001 0 eng | ||
| 020 |
_a0194341321 (pbk.) : _c$4.95 |
||
| 020 | _a9780194341325 | ||
| 050 | 0 | 0 |
_aPE1128.A2 _bM27 1983 |
| 082 | 0 | 0 |
_a428/.007/1 _219 |
| 100 | 1 |
_aMadsen, Harold S. _q(Harold Stanley), _d1926- |
|
| 245 | 1 | 0 |
_aTechniques in testing / _cHarold S. Madsen. |
| 260 |
_aNew York, NY : _bOxford University Press, _c1983. |
||
| 300 |
_aviii, 212 p. : _bill. ; _c23 cm. |
||
| 440 | 0 | _aTeaching techniques in English as a second language | |
| 650 | 0 |
_aEnglish language _xStudy and teaching _xForeign speakers. |
|
| 650 | 0 |
_aEnglish language _xAbility testing. |
|
| 942 |
_2lcc _cBK _n0 |
||
| 999 |
_c9200 _d9200 |
||